Does Your Mother Know - Lyrics ABBA - Statistiques

Statistiques générales
  • Ce quiz a été pris 29 fois
  • Le résultat moyen est 239 sur 349
Statistiques - réponses
Réponse % Correct
you
100%
your
100%
I
96%
that
87%
Couplet 1 You're
87%
you're
87%
a
83%
can
83%
do
83%
Does
78%
hot
78%
know
78%
know?
78%
mother
78%
so
78%
So
78%
like
74%
me
74%
take
74%
Take
74%
(take
74%
but
70%
But
70%
it
70%
And
65%
and
65%
baby
65%
can't
65%
dance
65%
easy
65%
easy)
65%
fun
65%
honey
65%
it's
65%
look
65%
on
65%
teasing
65%
the
65%
with
65%
be
61%
blue
61%
chance
61%
eyes
61%
funny
61%
in
61%
There's
61%
chat
57%
down
57%
If
57%
little
57%
maybe
57%
no
57%
out?
57%
see
57%
slow
57%
think
57%
to
57%
child
52%
couldn't
52%
Flirt
52%
I'm
52%
Better
48%
go
48%
not
48%
smile
48%
(smile)
48%
something
48%
when
48%
girl
43%
nice
43%
one
43%
want
43%
way
43%
what
43%
young
43%
chick
39%
cool
39%
of
39%
only
39%
Try
39%
Refrain Well
39%
pretty
35%
style
35%
face
30%
kind
30%
read
30%
seem
30%
That's
30%
cute
26%
searching
26%
for
22%
give
22%
are
17%
driving
17%
mean
17%
Now
17%
flash
13%
wild
13%
feelings
4%
Ah,
0%
Aucun quiz correspondant
Distribution des résultats
% des personnes avec chaque résultat
Percentile par nombre de réponses
Votre historique - résultats
Vous n’avez pas pris ce quiz